Разработка неметаллических тугоплавких материалов для производств ТНХК: Заключительный отчет о НИР; Тема: х/х 5-18/89

Detalles Bibliográficos
Autor Corporativo: Томский политехнический институт (ТПИ) (595)
Otros Autores: Верещагин В. И. Владимир Иванович (руководитель), Хабас Т. А. Тамара Андреевна (исполнитель)
Sumario:Передано в Государственный архив Томской области
Lenguaje:ruso
Publicado: Томск, 1990
Materias:
Formato: MixedMaterials Libro
KOHA link:https://koha.lib.tpu.ru/cgi-bin/koha/opac-detail.pl?biblionumber=150937

MARC

LEADER 00000nbm0a2200000 4500
001 150937
005 20240207091946.0
029 0 0 |a SU  |b 01890028226  |f ТПУ 
035 |a (RuTPU)RU\TPU\book\163662 
090 |a 150937 
100 |a 20090116d1990 k y0rusy50 ca 
101 0 |a rus 
102 |a RU 
105 |a a p 001zy 
200 1 |a Разработка неметаллических тугоплавких материалов для производств ТНХК  |e Заключительный отчет о НИР  |e Тема: х/х 5-18/89  |f Томский политехнический институт (ТПИ) ; руководитель В. И. Верещагин ; Т. А. Хабас 
210 |a Томск  |d 1990 
215 |a 47 л. 
320 |a Библиогр.: с. 46-47. 
333 |a Передано в Государственный архив Томской области 
610 1 |a труды учёных ТПУ 
702 1 |a Верещагин  |b В. И.  |c химик-технолог  |c профессор Томского политехнического университета, доктор технических наук  |f 1942-  |g Владимир Иванович  |3 (RuTPU)RU\TPU\pers\19774  |4 673  |9 7712 
702 1 |a Хабас  |b Т. А.  |c химик  |c профессор Томского политехнического университета, доктор технических наук  |f 1949-  |g Тамара Андреевна  |3 (RuTPU)RU\TPU\pers\25651  |4 677  |9 11562 
712 0 2 |a Томский политехнический институт (ТПИ)  |c (1944-1991)  |3 (RuTPU)RU\TPU\col\1123  |4 595 
801 1 |a RU  |b 63413507  |c 20090116  |g PSBO 
801 2 |a RU  |b 63413507  |c 20171107  |g RCR 
942 |c BK